000 00764nam a22002417a 4500
999 _c4177
_d4177
003 AR-CdUCM
008 190308b ||||| |||| 00| 0 spa d
020 _a950-614-038-3
040 _aMUNICIPALIDAD PROVINCIAL DEL CUSCO
_cBIBLIOTECA MUNICIPAL DEL CUSCO
082 _a890.66 /
_bAN59
100 _aAndric, Ivo
_913237
245 _aUn Puente sobre el Drina /
260 _aArgentina :
_bEdeiciones Orbis,
_bHyspamerica,
_c1983.
300 _a410 paginas ;
_c20cm.
440 _aPremios Nobel
_n13
_913238
500 _aPremios nobel 1961 Título original: Na drini cuprija.
650 _aNovela Yugoslavia
_913239
650 _aSiglo XX
_98
650 _aLiteratura
_983
700 _aDel Castillo Aragon, Luis
_913240
942 _2ddc
_cLIBROS
945 _apjha